The Power of Your Subconscious Mind/ (Record no. 199176)

MARC details
000 -LEADER
fixed length control field 00703nam a22001937a 4500
005 - DATE AND TIME OF LATEST TRANSACTION
control field 20231122122246.0
010 ## - LCCN (DPL NO)
LC control number ENG-138425
020 ## - INTERNATIONAL STANDARD BOOK NUMBER
Terms of availability 700.00
International Standard Book Number 9789381841648
035 ## - SYSTEM CONTROL NUMBER
System control number EN-121957
037 ## - SOURCE OF ACQUISITION
Source of stock number/acquisition DBAD/PUB
082 ## - DEWEY DECIMAL CLASSIFICATION NUMBER
Classification number 158.1
100 ## - MAIN ENTRY--PERSONAL NAME
Personal name Murphy, Joseph
245 ## - TITLE STATEMENT
Title The Power of Your Subconscious Mind/
Statement of responsibility, etc By Joseph Murphy
260 ## - PUBLICATION, DISTRIBUTION, ETC. (IMPRINT)
Place of publication, distribution, etc New Delhi
Name of publisher, distributor, etc Grapewine India Publishers Pvt Ltd
Date of publication, distribution, etc 2015
270 ## - ADDRESS
Address Plot No 4, First Floor, Opposite Shadipur Metro Station, Payel Nagar
City New Delhi
Postal code 110008
Electronic mail address grapewineindiapublishers@gmail.com
300 ## - PHYSICAL DESCRIPTION
Extent 259p.
Dimensions 20cm(pbk)
500 ## - GENERAL NOTE
General note One of the Most Powerful Self Help Guides Ever Written
942 ## - ADDED ENTRY ELEMENTS (KOHA)
Source of classification or shelving scheme Dewey Decimal Classification
Item type English Books
Classification part 158.1
Call number suffix MUR
Holdings
Withdrawn status Lost status Not for loan Collection code Home library Current library Date acquired Source of acquisition Cost, normal purchase price Full call number Barcode Copy number Cost, replacement price Koha item type
      Non-fiction Bawana Bawana 22/11/2023 DBAD/PUB 700.00 158.1 MUR EN-121957 1 700.00 English Books

© Delhi Public Library
Hit Counter
free hit counter